01020nam a22002777a 4500003000900000005001700009008003100026020001500057040002200072082001700094100003200111245014000143250001200283260003100295300003000326490002200356521002600378700004200404700004000446830004100486942001200527945002800539952012600567956003200693999001700725DO-SdBNP20180221150655.0160718 1990 sp a spa d a8439289456 aBPMSUbspacBPMSU 4axxxxxbxxxxx1 aCapdevila Blanco, Francisco10aAtento a la señal /cFrancisco Capdevila Blanco ; asesores pedagógicos Juan Carlos Carrascosa Calpena, Agustín Berrueta Jiménez a4a. ed. aMadrid : bGaviota,c1990. a[24] p. :bil. ;c22 cm. 1 aNene, Nena y Guau aA partir de 6 años.12aCarrascosa Calpena, Juan Carlosease.12aBerrueta Jiménez, Agustínease. 0aNene, Nena y GuaupNene, Nena y Guau 2ddccBK aInventariado, 2018 / BT 00102ddc40708CI-GaBPMETbBPMETd2016-12-14eCOMPRAl0oxxxxx xxxxxpBPMSU16120308r2016-12-14v39.60w2016-12-14yBK 2YLOCKWARD3108BPMSUa00144 c12428d12428